Music Quiz

Random Music or Album Quiz

Hollywood's Bleeding Tracklist Quiz Stats

 Plays Quiz not verified by Sporcle

Score 0/17 Timer 05:00
0 Plays Today
Answer % Correct
Hollywood's Bleeding
100%
Saint-Tropez
93.2%
Allergic
93.2%
Enemies
90.9%
Take What You Want
90.9%
Wow.
90.9%
Circles
88.6%
Die For Me
86.4%
Goodbyes
86.4%
Answer % Correct
On The Road
84.1%
Sunflower
81.8%
A Thousand Bad Times
79.5%
Staring At The Sun
77.3%
Myself
77.3%
I Know
75%
Internet
72.7%
I'm Gonna Be
61.4%

You're not logged in!

Compare scores with friends on all Sporcle quizzes.
OR
Log In

Sporcle TV

Today on Sporcle TV


Watch our educational content, quiz creation guides, and fun videos on Sporcle TV.

Show Comments

Extras

Created Sep 9, 2019SourceReportNominate
Tags:Album Quiz, Song Quiz

Top Quizzes Today


Score Distribution

Your Account Isn't Verified!

In order to create a playlist on Sporcle, you need to verify the email address you used during registration. Go to your Sporcle Settings to finish the process.

Report this User

Report this user for behavior that violates our Community Guidelines.

Details: